00869nam a2200253 a 450000100060000000300080000600500170001400800410003103500190007204000370009104100080012808200220013610000260015824500840018426000380026830000290030649000280033550000200036365000300038383000360041394200120044999900170046195201370047858240BD-RjUL20211209080612.0161217s1948 enkac 011 0 eng  a(BD-RjUL)58364 aDLCbengcDLCerdadDLCdBD-RjUL aeng 223a320bLAW 1948 aBrierly, J L 917369800aLaw and government :bin principle and practice /cadvisory editor J.L. Brierly aLondon : bOdhams Press,c[1948]. a384 p. :bill. ;c24 cm. aNew educational library aIncludes index. aPolitical science9171741 aNew educational library9173000 2ddccBK c58240d58240 00102ddc40718NFICaRUCLbRUCLcReadingd1955-06-16eFarcos pub.g7.00l0o320 LAW 1948r2016-12-17 00:00:00tC-1w2016-12-17yBK